Southville International School and Colleges
Your cart is empty.
  • Cart
  • Lists
    Public lists Eva Luna New books Lux_list list_1
    Your lists Log in to create your own lists
  • Log in to your account
  • Your cookies
  • Search history
Southville International School and Colleges
  • Advanced search
  • Recent comments
  • Most popular
  • Libraries

Log in to your account

Log in with GOOGLE


If you do not have an external account, but do have a local account, you can still log in:

  1. Home
  2. MARC view: Complete physics for Cambridgee secondary 1 /
Normal view MARC view ISBD view

Complete physics for Cambridgee secondary 1 / (Record no. 116679)

[ view plain ]
MARC details
000 -LEADER
fixed length control field 00538nam a2200169Ia 4500
008 - FIXED-LENGTH DATA ELEMENTS--GENERAL INFORMATION
fixed length control field 140512s9999 xx 000 0 und d
020 ## - INTERNATIONAL STANDARD BOOK NUMBER
International Standard Book Number 9780198390244
050 ## - LIBRARY OF CONGRESS CALL NUMBER
Classification number QC 21
Item number .R462 2013
100 ## - MAIN ENTRY--PERSONAL NAME
Personal name Reynolds, Helen.
245 ## - TITLE STATEMENT
Title Complete physics for Cambridgee secondary 1 /
Statement of responsibility, etc Helen Reynolds
260 ## - PUBLICATION, DISTRIBUTION, ETC. (IMPRINT)
Place of publication, distribution, etc New York :
Name of publisher, distributor, etc Oxford University Press,
Date of publication, distribution, etc c2013.
300 ## - PHYSICAL DESCRIPTION
Extent 255 p. :
Other physical details col. Ill. ;
Dimensions 28 cm.
500 ## - GENERAL NOTE
General note Includes Reference, Glossary, Index
650 ## - SUBJECT ADDED ENTRY--TOPICAL TERM
Topical term or geographic name as entry element Physics
General subdivision Examination -- Study guides
942 ## - ADDED ENTRY ELEMENTS (KOHA)
Koha item type Books
Holdings
Withdrawn status Lost status Damaged status Home library Current library Shelving location Date acquired Total Checkouts Total Renewals Full call number Barcode Date last seen Date checked out Price effective from Koha item type
      Luxembourg Library Luxembourg Library Teachers Reference Section 05/13/2014 1 1 QC 21 .R462 2013 19733 07/03/2015 12/16/2014 05/13/2014 Books

Complete physics for Cambridgee secondary 1 /

APA

Reynolds H., . (2013). Complete physics for Cambridgee secondary 1. New York: Oxford University Press.

Chicago

Reynolds Helen, . 2013. Complete physics for Cambridgee secondary 1. New York: Oxford University Press.

Harvard

Reynolds H., . (2013). Complete physics for Cambridgee secondary 1. New York: Oxford University Press.

MLA

Reynolds Helen, . Complete physics for Cambridgee secondary 1. New York: Oxford University Press. 2013.

  • Place hold
  • Print
  • Cite
  • Add to your cart (remove)
  • Save record
    BIBTEX Dublin Core MARCXML MARC (non-Unicode/MARC-8) MARC (Unicode/UTF-8) MARC (Unicode/UTF-8, Standard) MODS (XML) RIS
  • More searches
    Search for this title in:
    Other Libraries (WorldCat) Other Databases (Google Scholar) Online Stores (Bookfinder.com) Open Library (openlibrary.org)

Exporting to Dublin Core...

SOUTHVILLE LIBRARY

Southville International School and Colleges Library

1281 Tropical Ave. Cor. Luxembourg St., BF Homes International, Las Pinas City

Tel. No. 8256374 / 252358 Loc. 117/146

Powered by Koha